Islam and civilizational dialogue : the quest for a truly universal civilization

Bibliographic Details
Main Author: Osman Bakar , 1946- (Author)
Format: Book
Published: Kuala Lumpur : Centre for Civilizational Dialogue of University of Malaya , 1997

MARC

LEADER 00000cam a2200000 7i4500
001 0000034310
005 20211206093000.0
008 021119n
020 |a 9831000390 ,   |c (pbk.) 
020 |a 9831000404 
090 0 0 |a DS35.62   |b .O86 1997 
100 0 |a Osman Bakar ,   |d 1946- ,   |e author 
245 0 0 |a Islam and civilizational dialogue :   |b the quest for a truly universal civilization   |c Osman Bakar 
260 2 |a Kuala Lumpur :   |b Centre for Civilizational Dialogue of University of Malaya ,   |c 1997 
999 |a 1000071562   |b Book   |c OPEN SHELF (30 DAYS)   |e Gong Badak Campus